| 000 | 006300000a22001810004500 | ||
|---|---|---|---|
| 003 | MACL | ||
| 005 | 20160517142414.0 | ||
| 008 | 160517b xxu||||| |||| 00| 0 eng d | ||
| 040 |
_aMACL _cMACL |
||
| 041 | _aHindi | ||
| 082 | _a891.433 | ||
| 100 |
_aडॉ पाठक, उमा _957637 |
||
| 245 |
_aरवीन्द्रनाथ टैगोर की सम्पूर्ण कहानियां _cडॉ उमा पाठक |
||
| 260 |
_aदिल्ली _bआकाश गंगा पब्लिकेशंस _c2011 |
||
| 350 | _a500 | ||
| 650 |
_aStory _957638 |
||
| 942 |
_cHIN _k800 /RAV _2ddc |
||
| 999 |
_c46716 _d46716 |
||